| 000 | 00000nam##2200000za#4500 |
| 001 | 9.696773 |
| 003 | CaOODSP |
| 005 | 20210908130103 |
| 007 | cr ||||||||||| |
| 008 | 150407|2007||||xxc|||||o f|0| 0 eng|d |
| 040 | |aCaOODSP|beng |
| 043 | |an-cn--- |
| 086 | 1 |aPS64-95/2007E-PDF |
| 110 | 2 |aRoyal Canadian Mounted Police. |
| 245 | 10|aProject SPAWN : |h[electronic resource]|ba strategic assessment of criminal activity and organized crime infiltration at Canada's class 1 airports / |c[by] RCMP Criminal Intelligence. |
| 260 | |aOttawa - Ontario : |bRoyal Canadian Mounted Police |c[2007]. |
| 300 | |a22p.|bfigs., tables |
| 500 | |a"This strategic assessment is based on files dated between January 2005 and August 2007". |
| 590 | |a12-40-Supp|b2012-10-23 |
| 690 | 07|aOrganized crime|2gcpds |
| 690 | 07|aAirports|2gcpds |
| 775 | 08|tProjet SPAWN : |w(CaOODSP)9.640879 |
| 856 | 40|ahttp://publications.gc.ca|qPDF|s1008 KB|uhttps://publications.gc.ca/collections/collection_2012/grc-rcmp/PS64-95-2007-eng.pdf |